书目信息 |
| 题名: |
薄膜材料
|
|
| 作者: | Freund , Suresh 著 ;卢磊 译 | |
| 分册: | ||
| 出版信息: | 北京 科学出版社 2007 |
|
| 页数: | 628页 | |
| 开本: | 25cm | |
| 丛书名: | ||
| 单 册: | ||
| 中图分类: | TB383 , TB43 | |
| 科图分类: | ||
| 主题词: | 薄膜--工程材料 , 薄膜技术 | |
| 电子资源: | ||
| ISBN: | 978-7-03-013427-1 | |
| 000 | 01204nam0 2200325 45 | |
| 001 | 012004116429 | |
| 005 | 20070805111140.26 | |
| 009 | 012004116429 | |
| 010 | @a978-7-03-013427-1@b精装@dCNY86.00 | |
| 035 | @a(110020)012007007930 | |
| 100 | @a20070313d2007 em y0chiy0110 ea | |
| 101 | 1 | @achi@ceng |
| 102 | @aCN@b110000 | |
| 105 | @aa z 001yy | |
| 106 | @ar | |
| 200 | 1 | @a薄膜材料@Abo mo cai liao@e应力、缺陷的形成和表面演化@Eying li、 que xian de xing cheng he biao mian yan hua@f(美)L.B.Freund, (美)S.Suresh著@F( mei )L.B.Freund, ( mei )S.Suresh zhu@g卢磊等译@Glu lei deng yi |
| 210 | @a北京@c科学出版社@d2007 | |
| 215 | @a628页@c图@d25cm | |
| 312 | @a版权页英文题名:Thin film materials:stress,defect formation,and surface evolution | |
| 510 | 1 | @aThin film materials@estress, defect formation,and surface evolution@zeng |
| 517 | 1 | @a应力、缺陷的形成和表面演化@Aying li、kui xian de xing cheng he biao mian yan hua |
| 606 | 0 | @a薄膜@x工程材料 |
| 606 | 0 | @a薄膜技术 |
| 690 | @aTB383@v4 | |
| 690 | @aTB43@v4 | |
| 701 | 1 | @c(美)@aFreund@bL.B.@4著 |
| 701 | 1 | @c(美)@aSuresh@bS.@4著 |
| 702 | 0 | @a卢磊@Alu lei@4译 |
| 801 | 0 | @aCN@b110020@c20070805 |
| 905 | @dTB383@e176@f4 | |
| 薄膜材料:应力、缺陷的形成和表面演化/(美)L.B.Freund, (美)S.Suresh著/卢磊等译.-北京:科学出版社,2007 |
| 628页:图;25cm |
| ISBN 978-7-03-013427-1(精装):CNY86.00 |
| ● |
| 相关链接 |
|
|
|
|
正题名:薄膜材料
索取号:TB383/176
 
预约/预借
| 序号 | 登录号 | 条形码 | 馆藏地/架位号 | 状态 | 备注 |
| 1 | 0851989 | 208519897 | 第二样本阅览室/ [索取号:TB383/176] | 在馆 | |
| 2 | 0851990 | 208519904 | 第三借阅区/ [索取号:TB383/176] | 在馆 | |
| 3 | 0851991 | 208519913 | 第三借阅区/ [索取号:TB383/176] | 在馆 | |
| 4 | 0851992 | 208519922 | 第三借阅区/ [索取号:TB383/176] | 在馆 |